[Event "OBEM 2016"]
[Site "Germany , Bremen"]
[Date "2016.03.21"]
[Round "4.22"]
[White "Gerken, Juergen"]
[Black "Zhong, Xianghui"]
[Result "1-0"]
[WhiteElo "1630"]
[BlackElo "1765"]
[PlyCount "93"]

1. d4 Nf6 2. c4 g6 3. Nc3 d5 4. cxd5 Nxd5 5. e4 Nxc3 6. bxc3 Bg7 7. Nf3 Bg4 8.
Be2 O-O 9. Rb1 b6 10. Be3 Nd7 11. h3 Bxf3 12. Bxf3 c5 13. O-O Rc8 14. Qd2 cxd4
15. cxd4 Nb8 16. Rfc1 Nc6 17. e5 Qd7 18. Qd1 e6 19. Qa4 Nb8 20. Qxd7 Nxd7 21.
Bb7 Rxc1+ 22. Rxc1 f6 23. Bc8 Rd8 24. Rc7 Nf8 25. f4 a5 26. a4 Rd5 27. Re7 fxe5
28. fxe5 Bxe5 29. dxe5 Rxe5 30. Bxb6 Re4 31. Bxa5 Rxa4 32. Bd2 Ra1+ 33. Kh2 Rd1
34. Bh6 Rd8 35. Bxe6+ Nxe6 36. Rxe6 Rd7 37. Rf6 Rf7 38. Rxf7 Kxf7 39. Bd2 Kf6
40. Kg3 Kf5 41. Kf3 Ke6 42. Ke4 Kf6 43. h4 Ke6 44. Bh6 Kf6 45. Kf4 Ke6 46. Bg7
Kd5 47. Kg5 1-0

[Event "OBEM 2016"]
[Site "Germany , Bremen"]
[Date "2016.03.21"]
[Round "4.23"]
[White "Kropp, Joachim"]
[Black "Dietrich, Igor"]
[Result "1-0"]
[WhiteElo "1750"]
[BlackElo "1865"]
[PlyCount "73"]

1. d4 d5 2. c4 c6 3. cxd5 cxd5 4. Nc3 Nf6 5. Nf3 Nc6 6. Bf4 Bf5 7. e3 e6 8. Be2
Be7 9. O-O O-O 10. Nh4 Be4 11. f3 Ne8 12. fxe4 Bxh4 13. Bd3 Rc8 14. exd5 exd5
15. Qh5 g6 16. Qxd5 Qb6 17. Bh6 Rd8 18. Qe4 Be7 19. Nd5 Rxd5 20. Qxd5 Ng7 21.
Bc4 Nd8 22. Qe5 Nf5 23. Rxf5 Bf6 24. Qxf6 Qxf6 25. Rxf6 Re8 26. Raf1 Re7 27. d5
a6 28. a4 Rc7 29. b3 Re7 30. d6 Rd7 31. Be6 Nxe6 32. Rxe6 f5 33. Re8+ Kf7 34.
Re7+ Rxe7 35. dxe7 Kxe7 36. Bg5+ Ke6 37. Rd1 1-0

[Event "OBEM 2016"]
[Site "Germany , Bremen"]
[Date "2016.03.21"]
[Round "4.24"]
[White "Bergmann, Reinhold"]
[Black "Ficken, Hartmut"]
[Result "1-0"]
[WhiteElo "1860"]
[BlackElo "1714"]
[PlyCount "73"]

1. e4 c5 2. Nf3 d6 3. d4 cxd4 4. Qxd4 Nc6 5. Bb5 Bd7 6. Bxc6 bxc6 7. c4 Qb6 8.
Qd3 g6 9. Nc3 Bg7 10. O-O Nf6 11. Be3 c5 12. Rab1 Qc7 13. Rfd1 O-O 14. h3 Bc6
15. Bf4 Nd7 16. Nd5 Bxd5 17. exd5 Rab8 18. b3 Qa5 19. Qe2 Rfe8 20. Qd2 Qd8 21.
Re1 Nf6 22. Re2 Qd7 23. Qe1 Qf5 24. Bd2 Rb7 25. Rd1 Qd7 26. Bg5 h6 27. Bc1 Kh7
28. Rd3 e5 29. dxe6 fxe6 30. Qd1 Rb6 31. Qc2 Qf7 32. Nh4 Re7 33. Rg3 Kg8 34.
Rxg6 Ne8 35. Bxh6 Kh8 36. Bxg7+ Nxg7 37. Rh6+ 1-0

[Event "OBEM 2016"]
[Site "Germany , Bremen"]
[Date "2016.03.21"]
[Round "4.25"]
[White "Boehm, Karl"]
[Black "Sinnhoefer, Jonas"]
[Result "0-1"]
[WhiteElo "1852"]
[BlackElo "1690"]
[PlyCount "88"]

1. d4 Nf6 2. c4 Nc6 3. Nc3 e5 4. e3 Bb4 5. Bd2 exd4 6. exd4 Nxd4 7. a3 Be7 8.
Nf3 Nxf3+ 9. Qxf3 c6 10. Bd3 d5 11. cxd5 Nxd5 12. O-O O-O 13. Rad1 Be6 14. Nxd5
Bxd5 15. Qh3 g6 16. Bh6 Re8 17. Be4 Bd6 18. Bxd5 cxd5 19. Rfe1 Qf6 20. b4 Re6
21. Rxe6 fxe6 22. Be3 b6 23. Qg4 Rf8 24. Qe2 Qe5 25. g3 h5 26. Qd2 Qe4 27. Re1
Qf3 28. Bh6 h4 29. Re3 Qg4 30. Bxf8 Kxf8 31. Qe2 Qxe2 32. Rxe2 hxg3 33. hxg3
Ke7 34. Kf1 e5 35. Rd2 Ke6 36. Ke2 g5 37. Kf3 e4+ 38. Kg4 Be7 39. Re2 Ke5 40.
f3 Kd4 41. fxe4 dxe4 42. Kf5 e3 43. Kg4 Kd3 44. Kf3 g4+ 0-1

[Event "OBEM 2016"]
[Site "Germany , Bremen"]
[Date "2016.03.21"]
[Round "4.26"]
[White "Weinitschke, Harald"]
[Black "Hoffer, Hayo"]
[Result "1-0"]
[WhiteElo "1687"]
[BlackElo "1847"]
[PlyCount "103"]

1. Nf3 d5 2. d4 Nf6 3. c4 e6 4. g3 Be7 5. b3 O-O 6. Bg2 b6 7. O-O Bb7 8. Bb2
dxc4 9. bxc4 Nbd7 10. Nbd2 c5 11. e3 cxd4 12. Nxd4 Bxg2 13. Kxg2 Rc8 14. Rc1
Nc5 15. N2b3 Qd7 16. Nxc5 Bxc5 17. Nb3 Qb7+ 18. Qf3 Qxf3+ 19. Kxf3 Be7 20. Rfd1
Rfd8 21. Bd4 Ba3 22. Bxf6 gxf6 23. Rxd8+ Rxd8 24. Rc2 e5 25. Ke4 Kf8 26. Rd2
Rxd2 27. Nxd2 Bb4 28. Nb3 Ke7 29. Kd5 Kd7 30. a4 Be1 31. f3 Bf2 32. e4 h5 33.
f4 exf4 34. gxf4 h4 35. h3 Bg3 36. f5 Bd6 37. a5 bxa5 38. Nxa5 Bc7 39. Nb3 a5
40. Nc5+ Kc8 41. Kc6 Bd8 42. Kb5 Kc7 43. Nb3 Kd6 44. Nxa5 Be7 45. Nb7+ Ke5 46.
Nc5 Kf4 47. Ne6+ fxe6 48. fxe6 Bd8 49. Kc6 f5 50. exf5 Kxf5 51. Kd7 Kf6 52. c5
1-0

[Event "OBEM 2016"]
[Site "Germany , Bremen"]
[Date "2016.03.21"]
[Round "4.27"]
[White "Hentrop, Malte"]
[Black "Steingraeber, Hans-Joachim"]
[Result "1/2-1/2"]
[WhiteElo "1847"]
[BlackElo "1561"]
[PlyCount "36"]

1. e4 e5 2. Nf3 Nc6 3. d4 exd4 4. Nxd4 Qf6 5. Be3 Bc5 6. c3 Nge7 7. Bc4 O-O 8.
O-O Ne5 9. Be2 a6 10. Nd2 d5 11. f4 Nc4 12. Nxc4 dxc4 13. Bxc4 b5 14. Be2 Bb7
15. Bf3 Rad8 16. e5 Qb6 17. Bxb7 Qxb7 18. Qf3 c6 1/2-1/2

[Event "OBEM 2016"]
[Site "Germany , Bremen"]
[Date "2016.03.21"]
[Round "4.28"]
[White "Sommer, Andreas"]
[Black "Laubrock, Sophia"]
[Result "1-0"]
[WhiteElo "1821"]
[BlackElo "1550"]
[PlyCount "81"]

1. d4 Nf6 2. c4 e6 3. Nf3 b6 4. Bg5 Bb7 5. Nc3 Bb4 6. Qc2 O-O 7. a3 Bxc3+ 8.
Qxc3 d6 9. e3 Nbd7 10. Be2 h6 11. Bh4 c5 12. O-O Qc7 13. Nd2 d5 14. Bg3 Qc6 15.
Bf3 Ne4 16. Nxe4 dxe4 17. Be2 f5 18. d5 exd5 19. cxd5 Qf6 20. Qb3 Kh7 21. Rfd1
Rad8 22. a4 a6 23. Bc7 Ra8 24. d6 Bc8 25. Bxb6 Nxb6 26. Qxb6 Rd8 27. Bc4 Be6
28. b3 Bxc4 29. bxc4 Qe5 30. Rab1 Rd7 31. Rd5 Qf6 32. Qxc5 Rad8 33. Rbd1 g6 34.
Qd4 Qf8 35. c5 Rc8 36. h3 h5 37. Re5 Rc6 38. Qd5 Qc8 39. Re7+ Kh6 40. Qf7 Rd8
41. h4 1-0

[Event "OBEM 2016"]
[Site "Germany , Bremen"]
[Date "2016.03.21"]
[Round "4.29"]
[White "Nancheva, Doroteya"]
[Black "Bilau, Max"]
[Result "1-0"]
[WhiteElo "1796"]
[BlackElo "1511"]
[PlyCount "57"]

1. e4 e6 2. d4 c5 3. Nf3 cxd4 4. Nxd4 Nc6 5. Nc3 g6 6. Be3 Bg7 7. Qd2 Nge7 8.
O-O-O a6 9. f4 b5 10. f5 Qa5 11. fxe6 dxe6 12. Nxc6 Nxc6 13. Qd6 Nd4 14. Rxd4
Bxd4 15. Bxd4 b4 16. Nd5 exd5 17. Bb6 Qxb6 18. Qxb6 O-O 19. exd5 Bf5 20. Qxb4
Rfc8 21. c3 Rab8 22. Qd4 a5 23. Ba6 Re8 24. g4 Bd7 25. Rf1 Bb5 26. Bxb5 Rxb5
27. Qa7 f5 28. gxf5 Rxd5 29. f6 1-0

[Event "OBEM 2016"]
[Site "Germany , Bremen"]
[Date "2016.03.21"]
[Round "4.30"]
[White "Proske, Matthias"]
[Black "Niefuend, Michael"]
[Result "0-1"]
[WhiteElo "1666"]
[BlackElo "1795"]
[PlyCount "78"]

1. Nf3 c5 2. c4 Nc6 3. d4 cxd4 4. Nxd4 g6 5. g3 Bg7 6. Nb5 a6 7. N5c3 Nf6 8.
Bg2 O-O 9. O-O d6 10. Na3 Bd7 11. Nc2 Rb8 12. a4 Na5 13. Ne3 b5 14. axb5 axb5
15. cxb5 Bxb5 16. Nxb5 Rxb5 17. Qa4 Qd7 18. b4 Nb7 19. Bb2 d5 20. Rfd1 e6 21.
Rac1 Nd6 22. Be5 Rfb8 23. Bxf6 Bxf6 24. Rc5 Qb7 25. Qc2 Rxb4 26. Rc7 Qb5 27.
Rc5 Qa4 28. Qxa4 Rxa4 29. Rdc1 Bd4 30. Rc6 Bxe3 31. fxe3 Ne4 32. Bf3 Rb3 33.
Bxe4 Rxe4 34. R6c3 Rxe3 35. Rxe3 Rxe3 36. Kf2 Ra3 37. Rc8+ Kg7 38. Rd8 h5 39.
e3 Ra2+ 0-1

[Event "OBEM 2016"]
[Site "Germany , Bremen"]
[Date "2016.03.21"]
[Round "4.31"]
[White "Bruening, Martin"]
[Black "Frankenberg, Lea-Marie"]
[Result "1-0"]
[WhiteElo "1777"]
[BlackElo "1000"]
[PlyCount "61"]

1. d4 d5 2. c4 Nf6 3. cxd5 Nxd5 4. e4 Be6 5. exd5 Bxd5 6. Nc3 Bc6 7. d5 Bd7 8.
Nf3 c5 9. dxc6 Nxc6 10. Bf4 e6 11. Be2 Bb4 12. Rc1 O-O 13. O-O Qe7 14. a3 Bc5
15. b4 Bb6 16. Bd6 Qf6 17. Bxf8 Rxf8 18. Qxd7 Rb8 19. Qd2 Rd8 20. Qg5 Bd4 21.
Qxf6 Bxf6 22. Rfd1 Re8 23. Rd7 Nb8 24. Rxb7 a6 25. Ne4 Bb2 26. Rcc7 Bxa3 27.
Rxf7 Rc8 28. Rxg7+ Kf8 29. Rbf7+ Ke8 30. Nd6+ Kd8 31. Rg8# 1-0

[Event "OBEM 2016"]
[Site "Germany , Bremen"]
[Date "2016.03.21"]
[Round "4.32"]
[White "Rose, Helmut"]
[Black "Goes, Carsten"]
[Result "0-1"]
[WhiteElo "1511"]
[BlackElo "1770"]
[PlyCount "110"]

1. d4 e6 2. c4 f5 3. Nc3 Nf6 4. Nf3 d5 5. Bf4 c6 6. e3 Be7 7. Bd3 O-O 8. O-O
Ne4 9. Be2 Nd7 10. Nxe4 fxe4 11. Nd2 Nf6 12. Rc1 Bd6 13. Bg5 Qe8 14. Bh4 Qg6
15. f4 exf3 16. Nxf3 Ne4 17. Bd3 Qh6 18. Qe1 Bd7 19. Bxe4 dxe4 20. Nd2 Rxf1+
21. Nxf1 Rf8 22. Bg3 Be7 23. Nd2 Bg5 24. Rc3 Qg6 25. c5 Qf5 26. a4 h5 27. h4
Bf6 28. Nc4 Qg4 29. Nd6 Bc8 30. Rc2 Be7 31. Nc4 Bf6 32. b4 Bd7 33. Bd6 Bxh4 34.
Qc1 Rf5 35. Ne5 Rxe5 36. Bxe5 Bg5 37. Rf2 Be8 38. Bf4 Bh4 39. Rf1 Qe2 40. Bd6
Bg6 41. Rf8+ Kh7 42. b5 cxb5 43. axb5 Qxb5 44. Be5 Qe2 45. Rf1 Bf5 46. Bf4 Bf6
47. Rf2 Qg4 48. Qb1 Bh4 49. Rc2 Bg3 50. Bxg3 Qxg3 51. Qxb7 Qxe3+ 52. Rf2 Qe1+
53. Rf1 Qc3 54. Kh1 Qg3 55. c6 e3 0-1

[Event "OBEM 2016"]
[Site "Germany , Bremen"]
[Date "2016.03.21"]
[Round "4.34"]
[White "Seliskar, Henryk"]
[Black "Peine, Olaf"]
[Result "0-1"]
[WhiteElo "1540"]
[BlackElo "1504"]
[PlyCount "78"]

1. c4 e5 2. Nc3 Nc6 3. Nf3 g6 4. g3 Bg7 5. Bg2 Nge7 6. O-O d6 7. d3 O-O 8. Rb1
Rb8 9. Bd2 Bd7 10. b4 b6 11. Qc2 Nf5 12. e3 Re8 13. Nd5 Nce7 14. Nxe7+ Nxe7 15.
b5 Qc8 16. Bc3 c6 17. a4 c5 18. Ng5 h6 19. Ne4 Qc7 20. Qb2 d5 21. cxd5 Nxd5 22.
Rfc1 Nxc3 23. Nxc3 Be6 24. Nd5 Qd6 25. e4 Bxd5 26. exd5 e4 27. Qd2 Qxd5 28.
Bxe4 Rxe4 29. Rd1 Rd4 30. Qe3 Rd8 31. Qe7 Rd7 32. Qe8+ Kh7 33. Re1 Rxd3 34. Re2
Rd1+ 35. Rxd1 Qxd1+ 36. Kg2 Qd5+ 37. Kg1 c4 38. Re3 c3 39. Rxc3 Bxc3 0-1

[Event "OBEM 2016"]
[Site "Germany , Bremen"]
[Date "2016.03.21"]
[Round "4.35"]
[White "Kueck, Alexander"]
[Black "Rast, Matthias"]
[Result "0-1"]
[WhiteElo "1331"]
[BlackElo "1213"]
[PlyCount "118"]

1. e4 c5 2. Nf3 Nc6 3. Bc4 Nf6 4. Nc3 d6 5. d4 cxd4 6. Nxd4 e5 7. Nde2 Bg4 8.
f3 Bd7 9. Be3 a6 10. Nd5 Nxd5 11. Bxd5 Be7 12. c3 Bh4+ 13. g3 Bg5 14. Bf2 O-O
15. Qc2 Qf6 16. Qd3 Qd8 17. O-O Qc7 18. b4 b5 19. a4 Rab8 20. Rfd1 Be7 21. Be3
Nd8 22. c4 bxa4 23. Qa3 Kh8 24. Nc3 Bc6 25. Nxa4 Bxd5 26. cxd5 Qb7 27. Nb6 f5
28. Qa4 Rf7 29. Qxa6 fxe4 30. fxe4 Rf3 31. Bf2 Rxf2 32. Qxb7 Rxb7 33. Kxf2 Rxb6
34. Rdb1 g6 35. b5 Kg7 36. Ra6 Rb8 37. b6 Nb7 38. Ke2 Bd8 39. Ra7 Kh6 40. Rf1
Bxb6 41. Ra3 Nc5 42. Re3 Ra8 43. Rf2 Na6 44. Rf6 Bxe3 45. Kxe3 Rd8 46. Kd3 Kg5
47. Re6 Nc5+ 48. Kc4 Nxe6 49. dxe6 Re8 50. Kd5 Kf6 51. Kxd6 Rxe6+ 52. Kd5 Ra6
53. Kc4 Ra2 54. h3 Rf2 55. Kd5 Rf3 56. h4 Rxg3 57. Kc4 Rg4 58. Kd3 Rxh4 59. Ke3
g5 0-1

[Event "OBEM 2016"]
[Site "Germany , Bremen"]
[Date "2016.03.21"]
[Round "4.36"]
[White "Bilek, Thomas"]
[Black "Borbely, Kurt"]
[Result "0-1"]
[WhiteElo "1198"]
[BlackElo "1054"]
[PlyCount "58"]

1. d4 d5 2. Nc3 e6 3. Bf4 Bd6 4. Bg3 Nf6 5. Nb5 Bxg3 6. hxg3 c6 7. Nc3 Nbd7 8.
e3 Qa5 9. Bd3 c5 10. dxc5 Nxc5 11. Bb5+ Bd7 12. Bxd7+ Ncxd7 13. a3 Qc7 14. Nge2
a6 15. b4 Nb6 16. b5 a5 17. f3 Rd8 18. g4 g5 19. f4 Nxg4 20. fxg5 Nxe3 21. Qd3
d4 22. Ne4 Qxc2 23. Nf6+ Ke7 24. Qxc2 Nxc2+ 25. Kf2 Nxa1 26. Rxa1 h6 27. Rh1
hxg5 28. Rxh8 Rxh8 29. Ne4 d3 0-1

[Event "OBEM 2016"]
[Site "Germany , Bremen"]
[Date "2016.03.21"]
[Round "4.37"]
[White "Nagel, Rudolf"]
[Black "Zijlstra, Berend"]
[Result "1-0"]
[WhiteElo "1388"]
[BlackElo "1300"]
[PlyCount "51"]

1. e4 e5 2. Nc3 Nf6 3. Bc4 Nc6 4. d3 Bb4 5. f4 exf4 6. Bxf4 d6 7. h3 Ne5 8.
Bxe5 dxe5 9. Nf3 Nd7 10. O-O Bxc3 11. bxc3 O-O 12. d4 Qe7 13. Qd3 Kh8 14. Bb3
f6 15. Nh4 Nb6 16. Qg3 Be6 17. d5 g5 18. dxe6 gxh4 19. Qxh4 Kg7 20. Rf3 Kh8 21.
Raf1 Qg7 22. Rxf6 Rg8 23. R1f2 Qg5 24. Qxg5 Rxg5 25. Rf8+ Rxf8 26. Rxf8+ 1-0

[Event "OBEM 2016"]
[Site "Germany , Bremen"]
[Date "2016.03.21"]
[Round "4.38"]
[White "Krueger, Gerhard"]
[Black "Schubert, Karl Heinz"]
[Result "1-0"]
[WhiteElo "1367"]
[BlackElo "1027"]
[PlyCount "83"]

1. e4 b6 2. d4 Bb7 3. Nc3 Nf6 4. Bd3 d6 5. Nf3 Nbd7 6. O-O e5 7. h3 Nh5 8. dxe5
Nxe5 9. Nxe5 dxe5 10. Qxh5 g6 11. Qxe5+ Qe7 12. Qxe7+ Bxe7 13. Nd5 Bd6 14. Nf6+
Ke7 15. Nd5+ Kd7 16. Re1 Raf8 17. Nf6+ Kc8 18. Bh6 Rd8 19. Bg7 Rhe8 20. Nxe8
Rxe8 21. f3 h5 22. e5 Bc5+ 23. Kf1 g5 24. c4 Kb8 25. a3 Rg8 26. Bh6 g4 27. hxg4
hxg4 28. Be4 gxf3 29. Bxf3 Ba6 30. b3 Rh8 31. Bf4 b5 32. Bd5 Rh4 33. Be3 Be7
34. Kf2 f5 35. Kf3 bxc4 36. bxc4 Kc8 37. Be6+ Kd8 38. Red1+ Ke8 39. Rab1 Bf8
40. Rb8+ Ke7 41. Bxf5 Bxc4 42. Bg5+ 1-0

[Event "OBEM 2016"]
[Site "Germany , Bremen"]
[Date "2016.03.22"]
[Round "5.2"]
[White "Balazs, Balint"]
[Black "Pienski, Olaf"]
[Result "1-0"]
[WhiteElo "2101"]
[BlackElo "2167"]
[PlyCount "45"]

1. d4 Nf6 2. Nf3 e6 3. Bf4 c5 4. e3 d5 5. Nbd2 Nc6 6. c3 Bd6 7. Bg3 Qe7 8. Ne5
Nd7 9. f4 Ndxe5 10. fxe5 Bc7 11. Qg4 Qf8 12. Bd3 Bd7 13. O-O O-O-O 14. Bh4 Re8
15. Qf3 cxd4 16. exd4 Bd8 17. Bxd8 Nxd8 18. c4 Qb4 19. Qe3 Bc6 20. a3 Qxb2 21.
Rfb1 Qc3 22. cxd5 exd5 23. Bf5+ 1-0

[Event "OBEM 2016"]
[Site "Germany , Bremen"]
[Date "2016.03.22"]
[Round "5.3"]
[White "Rosin, Julius"]
[Black "Kardoeus, David"]
[Result "0-1"]
[WhiteElo "1996"]
[BlackElo "2110"]
[PlyCount "50"]

1. d4 Nf6 2. Nf3 g6 3. Bf4 Bg7 4. Nbd2 Nh5 5. Be5 f6 6. Bg3 Nxg3 7. hxg3 e5 8.
dxe5 fxe5 9. e4 d6 10. Bc4 Qf6 11. c3 Nd7 12. Qe2 Nb6 13. Bb3 Bg4 14. Qe3 h5
15. a4 Bh6 16. Qd3 a6 17. a5 Nd7 18. Ba4 O-O-O 19. b4 Rhf8 20. Rf1 d5 21. Qxd5
Nb6 22. Qc5 Nxa4 23. Rxa4 Rd3 24. Qa7 Qd6 25. Ra2 Bxf3 0-1

[Event "OBEM 2016"]
[Site "Germany , Bremen"]
[Date "2016.03.22"]
[Round "5.4"]
[White "Sawadkuhi, Massoud Armin"]
[Black "Meyer, Irmin"]
[Result "1-0"]
[WhiteElo "2149"]
[BlackElo "1993"]
[PlyCount "79"]

1. e4 c6 2. c4 d5 3. exd5 cxd5 4. cxd5 Nf6 5. Bb5+ Nbd7 6. Nc3 a6 7. Ba4 b5 8.
Bb3 Nb6 9. Nf3 Nbxd5 10. Ne5 e6 11. d4 Bb7 12. O-O Be7 13. Qe2 O-O 14. Rd1 Rc8
15. Rd3 Nxc3 16. bxc3 Ne4 17. Bb2 Bf6 18. Rad1 Bd5 19. f3 Nd6 20. Ba3 Re8 21.
Bxd5 exd5 22. Bxd6 Qxd6 23. f4 Rc7 24. Re3 Rec8 25. Ng4 Be7 26. Qf3 Bf8 27. h3
Qc6 28. Ne5 Qd6 29. Kh2 Re7 30. Rde1 Re6 31. Kg1 Qa3 32. Kh2 Qd6 33. Qg4 Rce8
34. Nxf7 Kxf7 35. Qf5+ Rf6 36. Qh5+ Rg6 37. Rxe8 Qxf4+ 38. Kh1 Kg8 39. Qxd5+
Kh8 40. Rxf8+ 1-0

[Event "OBEM 2016"]
[Site "Germany , Bremen"]
[Date "2016.03.22"]
[Round "5.5"]
[White "Steingraeber, Kai Uwe"]
[Black "Buhrdorf, Axel"]
[Result "1-0"]
[WhiteElo "2147"]
[BlackElo "1974"]
[PlyCount "51"]

1. e4 e6 2. d4 d5 3. Nd2 Nf6 4. e5 Nfd7 5. Bd3 c5 6. c3 Nc6 7. Ne2 cxd4 8. cxd4
Be7 9. O-O O-O 10. Nf3 f5 11. exf6 Bxf6 12. Nf4 Re8 13. Nh5 e5 14. Nxf6+ gxf6
15. dxe5 fxe5 16. Bxh7+ Kxh7 17. Ng5+ Kg6 18. Qxd5 Qf6 19. Ne4 Qe6 20. Qd2 Rh8
21. Qg5+ Kh7 22. Qe3 Qg6 23. f4 exf4 24. Rxf4 Nde5 25. Rf6 Qh5 26. Rh6+ 1-0

[Event "OBEM 2016"]
[Site "Germany , Bremen"]
[Date "2016.03.22"]
[Round "5.6"]
[White "Peters, Frank"]
[Black "Erofeev, Anastasia"]
[Result "1/2-1/2"]
[WhiteElo "2133"]
[BlackElo "1947"]
[PlyCount "51"]

1. c4 e5 2. Nc3 Nf6 3. g3 Bc5 4. Bg2 Nc6 5. e3 O-O 6. Nge2 Re8 7. O-O a6 8. d4
Ba7 9. d5 Ne7 10. d6 Nf5 11. dxc7 Qxc7 12. Qd3 d6 13. b3 Ne7 14. Rd1 Rd8 15.
Ne4 Nxe4 16. Bxe4 f5 17. Bg2 Bc5 18. Bb2 Be6 19. Qc3 Nc6 20. a3 Rac8 {(=)} 21.
Rac1 a5 22. Bd5 Re8 23. Qd3 Qf7 24. Bxe6 Rxe6 25. Qd5 Rce8 26. Rc2 1/2-1/2

[Event "OBEM 2016"]
[Site "Germany , Bremen"]
[Date "2016.03.22"]
[Round "5.7"]
[White "Grieme, Jens"]
[Black "Webner, Dennis"]
[Result "1/2-1/2"]
[WhiteElo "1921"]
[BlackElo "2067"]
[PlyCount "80"]

1. e4 e6 2. d4 d5 3. Nd2 Nf6 4. e5 Nfd7 5. f4 c5 6. c3 Nc6 7. Ndf3 cxd4 8. cxd4
a5 9. Bd3 Nb6 10. Ne2 Bd7 11. O-O g6 12. Nc3 a4 13. a3 Na5 14. Rb1 Be7 15. Qe2
Nbc4 16. Nd2 b5 17. Na2 Qb6 18. Nf3 Nb3 19. Be3 Nxe3 20. Qxe3 Nxd4 21. Nxd4 Bc5
22. Kh1 Bxd4 23. Qe2 Rc8 24. Rbc1 O-O 25. h4 Rxc1 26. Nxc1 Rc8 27. Qg4 Qc5 28.
h5 Qf8 29. Ne2 Bxb2 30. Rf3 Qg7 31. Rh3 Bxa3 32. hxg6 fxg6 33. Bxb5 Bf8 34.
Bxa4 h5 35. Bxd7 hxg4 36. Bxe6+ Qf7 37. Bxf7+ Kxf7 38. Rd3 Bc5 39. g3 Ke6 40.
Nd4+ Bxd4 1/2-1/2

[Event "OBEM 2016"]
[Site "Germany , Bremen"]
[Date "2016.03.22"]
[Round "5.8"]
[White "Margraf, Daniel"]
[Black "Meyer, Thorsten"]
[Result "1-0"]
[WhiteElo "2219"]
[BlackElo "1982"]
[PlyCount "149"]

1. e4 c5 2. Nc3 d6 3. f4 g6 4. Nf3 Bg7 5. Bb5+ Bd7 6. Bc4 Nc6 7. d3 Na5 8. Bd2
e6 9. O-O Ne7 10. Kh1 Bc6 11. Qe1 Nxc4 12. dxc4 Qd7 13. Rd1 b6 14. a3 O-O-O 15.
b4 Qb7 16. b5 Be8 17. a4 Kb8 18. a5 Nc8 19. Qe2 h6 20. Na4 Rg8 21. Be1 Bf6 22.
Bg3 Be7 23. Nc3 f6 24. f5 gxf5 25. exf5 e5 26. Nd5 Bf7 27. Nh4 Rg5 28. Rd3 Rdg8
29. a6 Qd7 30. Ne3 Bh5 31. Qf2 Bf7 32. Nf3 Rxg3 33. hxg3 e4 34. Rd2 exf3 35.
Qxf3 h5 36. Re1 Rg5 37. Kh2 Bf8 38. Nd5 Bxd5 39. Qxd5 Rg4 40. Re4 Rg7 41. Re6
Be7 42. Re1 Kc7 43. Re4 Kd8 44. Rh4 Qe8 45. Qf3 Rg5 46. Re4 Qf7 47. Re6 Qh7 48.
Rf2 Qg8 49. Qd3 Rg4 50. Re4 Rg5 51. Re3 Qh7 52. Rf4 Rg4 53. Qe4 Rg5 54. Rh4 Qf7
55. Rh3 Qg8 56. Rf3 Qe8 57. Rf4 Bf8 58. Qf3 Be7 59. Rfh4 Qd7 60. Rxh5 Rg8 61.
Qd5 Qe8 62. Rh7 Rf8 63. Qe6 Qd7 64. Qxd7+ Kxd7 65. Rg7 d5 66. cxd5 Nd6 67. g4
Nxb5 68. Rhh7 Re8 69. g5 Kd6 70. g6 Nd4 71. g4 Nf3+ 72. Kg2 Ng5 73. Rxe7 Rxe7
74. Rxe7 Kxe7 75. d6+ 1-0

[Event "OBEM 2016"]
[Site "Germany , Bremen"]
[Date "2016.03.22"]
[Round "5.9"]
[White "Issing, Peter"]
[Black "Ditmas, Hugh"]
[Result "1/2-1/2"]
[WhiteElo "2199"]
[BlackElo "1933"]
[PlyCount "59"]

1. Nf3 Nf6 2. c4 e6 3. Nc3 Bb4 4. g3 b6 5. Bg2 Bb7 6. O-O O-O 7. d3 Bxc3 8.
bxc3 d6 9. e4 Nbd7 10. Ne1 d5 11. exd5 exd5 12. Nc2 Nc5 13. Ba3 Re8 14. Bxc5
bxc5 15. Ne3 d4 16. Bxb7 dxe3 17. Qf3 Rb8 18. Bc6 Re7 19. Bd5 e2 20. Rfe1 Rb2
21. Be4 Nxe4 22. dxe4 Qd2 23. Rad1 exd1=Q 24. Rxd1 Rd7 25. Rxd2 Rdxd2 26. Qf5
h6 27. Qc8+ Kh7 28. Qf5+ Kg8 29. Qc8+ Kh7 30. Qf5+ 1/2-1/2

[Event "OBEM 2016"]
[Site "Germany , Bremen"]
[Date "2016.03.22"]
[Round "5.10"]
[White "Brinkmann, Fabian"]
[Black "Beinke, Lukas"]
[Result "0-1"]
[WhiteElo "2154"]
[BlackElo "1886"]
[PlyCount "98"]

1. c4 e5 2. d3 Nc6 3. Nc3 d6 4. g3 Be6 5. Bg2 g6 6. Nf3 Bg7 7. Ng5 Bd7 8. Bd5
Nh6 9. h4 f6 10. Ne6 Bxe6 11. Bxe6 Nd4 12. Bd5 c6 13. Bg2 Qe7 14. b4 f5 15. e3
Ne6 16. Bb2 O-O 17. Qd2 f4 18. gxf4 exf4 19. O-O-O Ng4 20. Rdf1 fxe3 21. fxe3
Rxf1+ 22. Bxf1 Rf8 23. Be2 Ne5 24. h5 Ng5 25. hxg6 hxg6 26. d4 Nef3 27. Qd3 Re8
28. Nd1 Qe4 29. Qxe4 Rxe4 30. Rf1 Nh4 31. Bd3 Rg4 32. Nf2 Rg3 33. Kd2 Ngf3+ 34.
Kc1 Bh6 35. Ne4 Bxe3+ 36. Kd1 Rg2 37. Bc3 Bxd4 38. Bxd4 Nxd4 39. Nxd6 Nhf3 40.
Kc1 Rxa2 41. Kb1 Rh2 42. Ne4 b6 43. b5 c5 44. Rd1 g5 45. Bf1 Kf8 46. Nd6 g4 47.
Nc8 g3 48. Nxa7 Nd2+ 49. Kc1 N4b3+ 0-1

[Event "OBEM 2016"]
[Site "Germany , Bremen"]
[Date "2016.03.22"]
[Round "5.11"]
[White "Pautz, Peter"]
[Black "Traetmar, Mattis"]
[Result "1-0"]
[WhiteElo "2066"]
[BlackElo "1848"]
[PlyCount "89"]

1. d4 Nf6 2. Nf3 g6 3. Bg5 Ne4 4. Bc1 Bg7 5. c3 O-O 6. Qc2 d5 7. Nbd2 Nf6 8. e4
dxe4 9. Nxe4 c6 10. Ng3 Nbd7 11. Be2 Nd5 12. O-O Qc7 13. Re1 e5 14. dxe5 Nxe5
15. Nxe5 Bxe5 16. Bh6 Rd8 17. Bf3 Be6 18. Qe4 Bf4 19. Bxf4 Qxf4 20. a3 Rd7 21.
Qxf4 Nxf4 22. Ne4 Kg7 23. Nc5 Rd2 24. b4 Rb8 25. Rad1 Ra2 26. a4 Bd5 27. Bxd5
Nxd5 28. g3 Nxc3 29. Rd7 b6 30. Ne6+ Kf6 31. Nd8 Rxd8 32. Rxd8 Nd5 33. Rd6+ Kf5
34. Rxc6 Rxa4 35. Rd1 Nxb4 36. Rc7 Ke6 37. Re1+ Kd6 38. Rxf7 Nc6 39. Rxh7 Ne5
40. Rd1+ Kc5 41. Rc7+ Kb4 42. Rd4+ Kb3 43. Rxa4 Kxa4 44. Rxa7+ Kb4 45. f4 1-0

[Event "OBEM 2016"]
[Site "Germany , Bremen"]
[Date "2016.03.22"]
[Round "5.12"]
[White "Klemm, Robert"]
[Black "Stieglitz, Dirk"]
[Result "0-1"]
[WhiteElo "1852"]
[BlackElo "2064"]
[PlyCount "82"]

1. Nf3 d5 2. d4 c6 3. g3 e6 4. Bg2 Bd6 5. O-O Nd7 6. c4 f5 7. Nc3 Ngf6 8. b3
O-O 9. Bb2 Ne4 10. Nd2 Nxc3 11. Bxc3 Nf6 12. f3 f4 13. Qe1 g5 14. e3 Nh5 15. g4
fxe3 16. gxh5 exd2 17. Bxd2 Qf6 18. Qf2 Bd7 19. Bh3 Rad8 20. Kh1 h6 21. c5 Bc7
22. Bg4 e5 23. h3 exd4 24. Rad1 b6 25. Bb4 b5 26. Rxd4 Be5 27. Rd3 Bxg4 28.
hxg4 Rd7 29. Re1 Rdf7 30. Rf1 Qf4 31. Bd2 Qxg4 32. fxg4 Rxf2 33. Rxf2 Rxf2 34.
a4 bxa4 35. bxa4 Re2 36. Re3 Rxe3 37. Bxe3 d4 38. Bc1 Kf7 39. Kg2 Ke6 40. Kf3
Kd5 41. Ba3 Bf6 0-1

[Event "OBEM 2016"]
[Site "Germany , Bremen"]
[Date "2016.03.22"]
[Round "5.13"]
[White "Buescher, Andre"]
[Black "Gerken, Juergen"]
[Result "1-0"]
[WhiteElo "2059"]
[BlackElo "1630"]
[PlyCount "29"]

1. e4 d5 2. exd5 Qxd5 3. Nf3 Bg4 4. Be2 Nc6 5. h3 Bh5 6. c4 Qd7 7. d4 O-O-O 8.
d5 Bxf3 9. gxf3 Ne5 10. Qd4 Nc6 11. Qc5 e6 12. dxc6 Bxc5 13. cxd7+ Rxd7 14. Be3
Bb4+ 15. Nd2 1-0

[Event "OBEM 2016"]
[Site "Germany , Bremen"]
[Date "2016.03.22"]
[Round "5.14"]
[White "Zimmermann, Erik"]
[Black "Lorenzen, Bjoern"]
[Result "0-1"]
[WhiteElo "1626"]
[BlackElo "2030"]
[PlyCount "86"]

1. e4 c6 2. Nf3 d5 3. exd5 cxd5 4. d4 Nf6 5. Bb5+ Bd7 6. Bxd7+ Nbxd7 7. O-O e6
8. Re1 Bd6 9. Bg5 Qc7 10. h3 h6 11. Bxf6 Nxf6 12. Nbd2 O-O 13. c3 Nd7 14. Rc1
Rac8 15. Nf1 b5 16. a3 a5 17. Qd3 Qc4 18. Qd2 Qc7 19. Qd3 Qb8 20. b4 Rc6 21.
Rc2 Rfc8 22. Rec1 Nf6 23. N1d2 a4 24. Nb1 Ne4 25. Nfd2 Bf4 26. Nxe4 dxe4 27.
Qxe4 Bxc1 28. Rxc1 Qd6 29. Re1 Qd5 30. Qf4 f6 31. Re3 e5 32. Qf5 Re8 33. Qg6
Qf7 34. Qd3 Rb6 35. Nd2 exd4 36. Qxd4 Rxe3 37. Qxb6 Re1+ 38. Kh2 Qe8 39. Qd6
Qe5+ 40. Qxe5 fxe5 41. Nf3 Rc1 42. c4 Rxc4 43. Nxe5 Rc3 0-1

[Event "OBEM 2016"]
[Site "Germany , Bremen"]
[Date "2016.03.22"]
[Round "5.15"]
[White "Mueller, Wolfgang"]
[Black "Kropp, Joachim"]
[Result "1-0"]
[WhiteElo "2018"]
[BlackElo "1750"]
[PlyCount "29"]

1. e4 c5 2. Nf3 e6 3. d4 cxd4 4. Nxd4 a6 5. Be2 d5 6. exd5 Qxd5 7. O-O Nc6 8.
Bf3 Qc5 9. Nxc6 bxc6 10. Be3 Qb5 11. Nc3 Qb7 12. Ne4 Bd7 13. Qd4 f5 14. Nd6+
Bxd6 15. Qxg7 1-0